[Event "Prague Golden op 18th"]
[Site "Prague"]
[Date "2023.06.25"]
[Round "5.1"]
[White "Slanec, Jan"]
[Black "Rous, Daniel"]
[Result "1/2-1/2"]
[WhiteElo "1971"]
[BlackElo "2228"]
[PlyCount "125"]
[EventDate "2023.06.25"]
[EventType "team-swiss"]
[EventRounds "9"]
[EventCountry "CZE"]
[SourceTitle "CBM 214 Extra"]
[Source "ChessBase"]
[SourceDate "2023.07.31"]
[SourceVersion "1"]
[SourceVersionDate "2023.07.31"]
[SourceQuality "1"]
[WhiteTeam "Hostivice"]
[BlackTeam "Praha Chess Akademia"]
[WhiteTeamCountry "CZE"]
[BlackTeamCountry "CZE"]

1. e4 c5 2. Nc3 a6 3. f4 e6 4. Nf3 b5 5. d3 Bb7 6. g3 b4 7. Ne2 d5 8. e5 Nc6 9. Bg2 h5 10. h3 Nge7 11. Be3 Nf5 12. Bf2 Be7 13. Qd2 Qa5 14. 0-0 d4 15. Qc1 Qc7 16. Nd2 Rc8 17. Ne4 Nb8 18. b3 Nd7 19. Qd2 Nb6 20. g4 hxg4 21. hxg4 Nh4 22. Bh1 Nd5 23. N2g3 Ng6 24. f5 Ngf4 25. Bg2 Kd7 26. fxe6+ fxe6 27. Nh5 Nxh5 28. gxh5 Rxh5 29. Ng3 Rh6 30. Rae1 Rch8 31. Ne4 Rg6 32. Bg3 Ne3 33. Rxe3 dxe3 34. Qxe3 Bxe4 35. Bxe4 Rg5 36. Rf7 Qxe5 37. Bc6+ Kxc6 38. Qxe5 Rxe5 39. Bxe5 Bf6 40. Bxf6 gxf6 41. Rxf6 Kd5 42. Rf2 Rg8+ 43. Kf1 Kd4 44. Rf4+ Kd5 45. Rf2 Rh8 46. Ke2 Rh1 47. Kd2 Ra1 48. c4+ Kd4 49. Rf4+ Ke5 50. Re4+ Kf5 51. Ke3 Re1+ 52. Kf3 Rxe4 53. dxe4+ Ke5 54. Ke3 a5 55. Kf3 Kd4 56. Kf4 a4 57. bxa4 Kxc4 58. Ke5 Kd3 59. a5 c4 60. a6 c3 61. a7 c2 62. a8Q c1Q 63. Qa6+ 1/2-1/2

[Event "CZE-chT 2223"]
[Site "Czech Republic"]
[Date "2022.12.04"]
[Round "4.1"]
[White "Jaracz, Pawel"]
[Black "Rous, Daniel"]
[Result "1-0"]
[WhiteElo "2463"]
[BlackElo "2236"]
[PlyCount "97"]
[EventDate "2022.10.15"]
[EventType "team-tourn"]
[EventRounds "11"]
[EventCountry "CZE"]
[SourceTitle "CBM 213 Extra"]
[Source "ChessBase"]
[SourceDate "2023.05.31"]
[SourceVersion "1"]
[SourceVersionDate "2023.05.31"]
[SourceQuality "1"]
[WhiteTeam "Turnov Zikuda"]
[BlackTeam "Praha Dopravni Podnik"]
[WhiteTeamCountry "CZE"]
[BlackTeamCountry "CZE"]

1. e4 c5 2. Nf3 d6 3. d4 cxd4 4. Nxd4 Nf6 5. Nc3 a6 6. Be2 e6 7. 0-0 Be7 8. f4 Qc7 9. Be3 Nc6 10. Qe1 0-0 11. Qg3 Kh8 12. Kh1 Bd7 13. Nf3 Nb4 14. Bd3 Nxd3 15. cxd3 Qa5 16. Bd4 Qh5 17. h3 Qg6 18. Qh2 Ne8 19. g4 f6 20. f5 Qf7 21. fxe6 Qxe6 22. Nh4 Nc7 23. Nf5 Nb5 24. Nd5 Bd8 25. Be3 Bc6 26. a4 Nc7 27. Nb6 Rb8 28. Qxd6 Qxd6 29. Nxd6 Ne8 30. Ndc4 Bc7 31. Kg1 Nd6 32. Na5 Be8 33. Rac1 Rf7 34. e5 Nc8 35. Nxc8 Rxc8 36. Nxb7 Rb8 37. Nd6 Bxd6 38. exd6 Bxa4 39. Rc7 Rd7 40. Ra1 Rxd6 41. Rxa4 Rxd3 42. Rb4 Re8 43. Re4 Rb8 44. b4 h5 45. gxh5 f5 46. Ree7 Rxb4 47. h6 Rb2 48. Re8+ Kh7 49. Rxg7# 1-0

[Event "CZE-chT1W 2122"]
[Site "Czech Republic"]
[Date "2022.03.06"]
[Round "10.3"]
[White "Hrdina, Robin"]
[Black "Rous, Daniel"]
[Result "1/2-1/2"]
[WhiteElo "2157"]
[BlackElo "2259"]
[PlyCount "214"]
[EventDate "2021.10.10"]
[EventType "team-tourn"]
[EventRounds "11"]
[EventCountry "CZE"]
[SourceTitle "EXT 2023"]
[Source "ChessBase"]
[SourceDate "2022.10.05"]
[SourceVersion "1"]
[SourceVersionDate "2022.10.05"]
[SourceQuality "1"]
[WhiteTeam "Vlasim Spartak"]
[BlackTeam "Praha DP EA Hotels"]
[WhiteTeamCountry "CZE"]
[BlackTeamCountry "CZE"]

1. e4 c5 2. c3 Nf6 3. e5 Nd5 4. d4 cxd4 5. Nf3 e6 6. cxd4 Nc6 7. Bc4 d6 8. 0-0 Be7 9. Qe2 Nb6 10. Bb3 d5 11. Nc3 a6 12. Rd1 Bd7 13. Be3 h5 14. Rac1 Rc8 15. Nd2 g6 16. Bc2 Na5 17. Bd3 Kf8 18. f4 Kg7 19. Rf1 Na4 20. Nxa4 Rxc1 21. Rxc1 Bxa4 22. Nf3 Qb6 23. Qf2 Bb5 24. Bb1 Bd7 25. b3 Nc6 26. Rd1 Na7 27. Ng5 Nb5 28. Rc1 Na3 29. Bd3 Bb5 30. Bxb5 Nxb5 31. h3 Na7 32. Ne4 dxe4 33. d5 Qd8 34. d6 Nc6 35. dxe7 Nxe7 36. Qc2 Qd5 37. Rd1 Qc6 38. Qxc6 Nxc6 39. Rd7 b5 40. Bc5 Rd8 41. Rc7 Nd4 42. Be7 Ra8 43. Bf6+ Kg8 44. Kf2 b4 45. Rc4 Nb5 46. Rxb4 Nc3 47. Rc4 Nxa2 48. Be7 a5 49. Bd6 Ra7 50. Rc7 Rxc7 51. Bxc7 Nc1 52. Bxa5 Nxb3 53. Bc3 Nc5 54. Ke3 Na6 55. Kxe4 Kf8 56. g4 hxg4 57. hxg4 Ke7 58. Bd4 Kd7 59. f5 gxf5+ 60. gxf5 Kc6 61. fxe6 fxe6 62. Be3 Nc5+ 63. Kd4 Kb5 64. Bh6 Nb3+ 65. Kc3 Na5 66. Kd4 Nc6+ 67. Ke4 Kc4 68. Bg5 Nb4 69. Be7 Nd3 70. Bd6 Nc5+ 71. Ke3 Kd5 72. Bc7 Kc6 73. Bd6 Kd5 74. Bc7 Na4 75. Kd3 Nb2+ 76. Ke3 Nc4+ 77. Kf4 Nd2 78. Ke3 Ne4 79. Kf4 Nf2 80. Ke3 Ng4+ 81. Kf4 Nh6 82. Kg5 Nf5 83. Kf4 Nh4 84. Kg5 Nf3+ 85. Kf4 Nd4 86. Ke3 Nc6 87. Kf4 Ne7 88. Kg5 Nc6 89. Kf4 Nb4 90. Ke3 Kc6 91. Bd6 Nd5+ 92. Kd4 Kb5 93. Bf8 Nb4 94. Bd6 Nc6+ 95. Kc3 Na5 96. Kd4 Nb3+ 97. Kc3 Nc5 98. Kd4 Nb7 99. Be7 Na5 100. Bd6 Nc6+ 101. Kc3 Nd8 102. Kd4 Nf7 103. Bf8 Kc6 104. Ke4 Kb5 105. Kd4 Nd8 106. Bd6 Nc6+ 107. Kc3 Nxe5 1/2-1/2

[Event "Prague Opocensky Memorial"]
[Site "Prague"]
[Date "2017.07.09"]
[Round "9"]
[White "Havelka, Josef"]
[Black "Rous, Daniel"]
[Result "1-0"]
[WhiteElo "2326"]
[BlackElo "2220"]
[PlyCount "71"]
[EventDate "2017.07.01"]
[EventType "tourn"]
[EventRounds "9"]
[EventCountry "CZE"]
[EventCategory "4"]
[SourceTitle "CBM 179 Extra"]
[Source "ChessBase"]
[SourceDate "2017.08.23"]
[SourceVersion "1"]
[SourceVersionDate "2017.08.23"]
[SourceQuality "1"]

1. e4 c5 2. Nf3 d6 3. d4 cxd4 4. Qxd4 a6 5. c4 Nc6 6. Qe3 Nf6 7. h3 g6 8. Be2 Bg7 9. Nc3 Nd7 10. 0-0 Nc5 11. Rb1 f5 12. b4 Nxe4 13. Nxe4 fxe4 14. Nd2 Nd4 15. Bb2 Nxe2+ 16. Qxe2 0-0 17. Bxg7 Kxg7 18. Rb3 b5 19. Qxe4 Bf5 20. Qe3 Qd7 21. Re1 e5 22. c5 Rae8 23. g4 Be6 24. Rd3 Bxa2 25. Rxd6 Qf7 26. Ne4 a5 27. bxa5 b4 28. Rb6 Rb8 29. Nd6 Qd5 30. Qxe5+ Qxe5 31. Rxe5 b3 32. Re2 Rxb6 33. axb6 Rf4 34. c6 Rb4 35. c7 b2 36. Rxb2 1-0

[Event "Landesliga Nord 1617"]
[Site "Bayern"]
[Date "2017.04.30"]
[Round "9.2"]
[White "Kraft, Volker"]
[Black "Rous, Daniel"]
[Result "1-0"]
[WhiteElo "2294"]
[BlackElo "2208"]
[PlyCount "67"]
[EventDate "2016.10.16"]
[EventType "team-tourn"]
[EventRounds "9"]
[EventCountry "GER"]
[SourceTitle "EXT 2019"]
[Source "ChessBase"]
[SourceDate "2018.10.10"]
[SourceVersion "1"]
[SourceVersionDate "2018.10.10"]
[SourceQuality "1"]
[WhiteTeam "Zirndorf"]
[BlackTeam "Bamberg SC"]
[WhiteTeamCountry "GER"]
[BlackTeamCountry "GER"]

1. e4 c5 2. Ne2 e6 3. Nbc3 Nc6 4. g3 d6 5. Bg2 g6 6. d4 cxd4 7. Nxd4 Nxd4 8. Qxd4 e5 9. Qd3 h5 10. Nd5 Be6 11. Qb5+ Bd7 12. Qxb7 Rc8 13. Qxa7 h4 14. c3 Bh6 15. Qb6 Qxb6 16. Nxb6 Bxc1 17. Rxc1 Rb8 18. Nxd7 Rxb2 19. Bh3 g5 20. gxh4 Rxh4 21. Bf5 Ke7 22. 0-0 Nh6 23. Rb1 Rxb1 24. Rxb1 Nxf5 25. Rb7 Nh6 26. a4 d5 27. Nb6+ Kd6 28. exd5 Ng4 29. Rxf7 Nxh2 30. a5 e4 31. a6 Nf3+ 32. Rxf3 exf3 33. a7 Rh8 34. c4 1-0

[Event "Prague Pankrac Cup"]
[Site "Prague"]
[Date "2016.09.27"]
[Round "2"]
[White "Rous, Daniel"]
[Black "Cernousek, Lukas"]
[Result "0-1"]
[WhiteElo "2208"]
[BlackElo "2494"]
[PlyCount "80"]
[EventDate "2016.09.20"]
[EventType "swiss"]
[EventRounds "8"]
[EventCountry "CZE"]
[SourceTitle "EXT 2017"]
[Source "ChessBase"]
[SourceDate "2016.10.25"]
[SourceVersion "1"]
[SourceVersionDate "2016.10.25"]
[SourceQuality "1"]

1. d4 d5 2. Nf3 Nf6 3. c4 e6 4. Nc3 c6 5. Bg5 dxc4 6. e4 b5 7. e5 h6 8. Bh4 g5 9. Nxg5 hxg5 10. Bxg5 Nbd7 11. exf6 Bb7 12. g3 c5 13. d5 Qc7 14. Bg2 0-0-0 15. 0-0 b4 16. d6 Qb6 17. Ne4 Ne5 18. Be3 Bxd6 19. Qe2 Bd5 20. Bf4 Bc7 21. a3 b3 22. Bxe5 Bxe5 23. Rac1 Bd4 24. Rxc4 Bxc4 25. Qxc4 Bxb2 26. Rb1 Rd4 27. Qe2 Bxa3 28. Nd2 b2 29. Nc4 Qa6 30. Bf1 Qxc4 31. Qf3 Qa4 32. Qa8+ Kc7 33. Qxh8 Qc2 34. Qa8 Qxb1 35. Qxa7+ Kd6 36. Qb8+ Kd5 37. Kg2 Qe4+ 38. f3 Rd2+ 39. Kh3 Qh7+ 40. Kg4 Qf5+ 0-1

[Event "Prague Pankrac Cup"]
[Site "Prague"]
[Date "2016.09.20"]
[Round "1"]
[White "Rous, Daniel"]
[Black "Vykouk, Jan"]
[Result "0-1"]
[WhiteElo "2208"]
[BlackElo "2428"]
[PlyCount "88"]
[EventDate "2016.09.20"]
[EventType "swiss"]
[EventRounds "8"]
[EventCountry "CZE"]
[SourceTitle "EXT 2017"]
[Source "ChessBase"]
[SourceDate "2016.10.25"]
[SourceVersion "1"]
[SourceVersionDate "2016.10.25"]
[SourceQuality "1"]

1. Nf3 Nf6 2. d4 b5 3. g3 Bb7 4. Bg2 e6 5. 0-0 c5 6. b3 cxd4 7. Nxd4 Bxg2 8. Kxg2 Qb6 9. Qd3 Nc6 10. Bb2 Nxd4 11. Bxd4 Qc6+ 12. Qf3 d5 13. c4 bxc4 14. Nd2 Rc8 15. bxc4 Bb4 16. cxd5 Qxd5 17. Qxd5 Nxd5 18. Rfc1 0-0 19. Ne4 a5 20. Bc5 Rfd8 21. a3 Bxc5 22. Nxc5 Rb8 23. e4 Nf6 24. Rab1 g5 25. Kf3 h5 26. h3 Rxb1 27. Rxb1 Rd2 28. e5 Nd5 29. Rb5 a4 30. Ra5 Nc3 31. Ke3 Ra2 32. Nxa4 Rxa3 33. Ra8+ Kg7 34. Nb6 Nd5+ 35. Ke4 Rxa8 36. Nxa8 Kg6 37. g4 h4 38. Kf3 Kg7 39. Ke4 Kf8 40. Kd4 Ke7 41. Kc5 Nf4 42. Kd4 Nxh3 43. Ke3 Nf4 44. Kf3 Nd5 0-1

[Event "Prague Menchik Memorial rapid"]
[Site "Prague"]
[Date "2016.09.18"]
[Round "9"]
[White "Rous, Daniel"]
[Black "Cernousek, Lukas"]
[Result "1-0"]
[WhiteElo "2208"]
[BlackElo "2494"]
[PlyCount "75"]
[EventDate "2016.09.18"]
[EventType "swiss (rapid)"]
[EventRounds "9"]
[EventCountry "CZE"]
[SourceTitle "CBM 174 Extra"]
[Source "ChessBase"]
[SourceDate "2016.10.10"]
[SourceVersion "1"]
[SourceVersionDate "2016.10.10"]
[SourceQuality "1"]

1. Nf3 c5 2. c4 g6 3. g3 Bg7 4. Bg2 Nc6 5. Nc3 e6 6. 0-0 Nge7 7. e3 d5 8. cxd5 Nxd5 9. Nxd5 exd5 10. d4 c4 11. b3 b5 12. a4 Ba6 13. axb5 Bxb5 14. bxc4 Bxc4 15. Qa4 Qd7 16. Bh3 f5 17. Re1 0-0 18. Nd2 Rfb8 19. Ba3 Bb5 20. Qd1 Na5 21. Bc5 Nc4 22. Nxc4 Bxc4 23. Ra5 Bf8 24. Bxf8 Kxf8 25. Bf1 Bxf1 26. Rxf1 Rb2 27. Qc1 Qb7 28. Qc5+ Kg7 29. Kg2 Kh6 30. Rfa1 Rc8 31. Qd6 Rcc2 32. Qf4+ g5 33. Ra6+ Rb6 34. Rxb6+ Qxb6 35. Qxf5 Rc4 36. h4 gxh4 37. Rh1 Kg7 38. Rxh4 1-0

[Event "Landesliga Nord 1516"]
[Site "Bayern"]
[Date "2016.02.21"]
[Round "7.4"]
[White "Oechslein, Rainer"]
[Black "Rous, Daniel"]
[Result "0-1"]
[WhiteElo "2156"]
[BlackElo "2208"]
[PlyCount "86"]
[EventDate "2015.10.11"]
[EventType "team-tourn"]
[EventRounds "9"]
[EventCountry "GER"]
[SourceTitle "EXT 2018"]
[Source "ChessBase"]
[SourceDate "2017.10.13"]
[SourceVersion "1"]
[SourceVersionDate "2017.10.13"]
[SourceQuality "1"]
[WhiteTeam "Schweinfurt"]
[BlackTeam "Bamberg SC"]
[WhiteTeamCountry "GER"]
[BlackTeamCountry "GER"]

1. e4 c5 2. Nf3 d6 3. c3 Nf6 4. Be2 g6 5. 0-0 Bg7 6. d3 0-0 7. Nbd2 Nbd7 8. Re1 Qc7 9. a4 b6 10. Bf1 e5 11. Nc4 Bb7 12. Bg5 Rfe8 13. Qc2 d5 14. Ncd2 Nh5 15. c4 h6 16. g4 dxe4 17. dxe4 hxg5 18. gxh5 g4 19. Nh4 Qd8 20. Ng2 gxh5 21. Rad1 Qg5 22. Nb1 Nf8 23. Qd2 Qf6 24. Nc3 Bh6 25. Qd6 Ne6 26. Nd5 Qg5 27. Nc7 Red8 28. Nxe6 Rxd6 29. Nxg5 Rxd1 30. Rxd1 Bxg5 31. Re1 Rd8 32. Ne3 Bxe3 33. Rxe3 Rd1 34. b3 Kg7 35. f3 Kg6 36. fxg4 hxg4 37. Kf2 Kg5 38. h3 Rd4 39. Bg2 gxh3 40. Rxh3 Bxe4 41. Rg3+ Kf4 42. Bxe4 Kxe4 43. Re3+ Kf5 0-1

[Event "CZE-chT2C 1516"]
[Site "Czech Republic"]
[Date "2016.01.24"]
[Round "6.4"]
[White "Rous, Daniel"]
[Black "Dvorak, Jan"]
[Result "1/2-1/2"]
[WhiteElo "2182"]
[BlackElo "2171"]
[PlyCount "51"]
[EventDate "2015.10.18"]
[EventType "team-tourn"]
[EventRounds "11"]
[EventCountry "CZE"]
[SourceTitle "EXT 2022"]
[Source "ChessBase"]
[SourceDate "2021.10.06"]
[SourceVersion "1"]
[SourceVersionDate "2021.10.06"]
[SourceQuality "1"]
[WhiteTeam "Praha Dopravni podnik II"]
[BlackTeam "Praha Vrsovice"]
[WhiteTeamCountry "CZE"]
[BlackTeamCountry "CZE"]

1. d4 e6 2. c4 d5 3. Nf3 Nf6 4. Nc3 Be7 5. Bg5 0-0 6. e3 h6 7. Bh4 b6 8. cxd5 Nxd5 9. Bg3 c5 10. Bd3 cxd4 11. exd4 Ba6 12. 0-0 Bxd3 13. Qxd3 Nc6 14. Qe4 Rc8 15. Rad1 Ncb4 16. Nxd5 Nxd5 17. Rfe1 Qd7 18. Qe2 Qa4 19. a3 Rc2 20. Rd2 Rfc8 21. Rxc2 Rxc2 22. Qd1 Qb3 23. Ne5 Bf6 24. Nd3 Qc4 25. Be5 Bxe5 26. dxe5 1/2-1/2

[Event "CZE-chT2C 1516"]
[Site "Czech Republic"]
[Date "2015.11.08"]
[Round "2.3"]
[White "Rous, Daniel"]
[Black "Munk, Petr"]
[Result "1-0"]
[WhiteElo "2182"]
[BlackElo "2134"]
[PlyCount "63"]
[EventDate "2015.10.18"]
[EventType "team-tourn"]
[EventRounds "11"]
[EventCountry "CZE"]
[SourceTitle "EXT 2022"]
[Source "ChessBase"]
[SourceDate "2021.10.06"]
[SourceVersion "1"]
[SourceVersionDate "2021.10.06"]
[SourceQuality "1"]
[WhiteTeam "Praha Dopravni podnik II"]
[BlackTeam "Lysa nad Labem IV"]
[WhiteTeamCountry "CZE"]
[BlackTeamCountry "CZE"]

1. Nf3 c5 2. c4 Nf6 3. Nc3 Nc6 4. g3 d5 5. cxd5 Nxd5 6. Bg2 g6 7. 0-0 Bg7 8. Qb3 Nc7 9. Ng5 0-0 10. Bxc6 bxc6 11. d3 Ba6 12. Nge4 Rb8 13. Qa4 Bd4 14. Bf4 e5 15. Bh6 f5 16. Bxf8 Kxf8 17. e3 Bxd3 18. exd4 Bxf1 19. Nxc5 exd4 20. Qxc6 dxc3 21. Nd7+ Kg8 22. Nxb8 Bb5 23. Qxc3 Qxb8 24. Qb3+ Kg7 25. a4 Qb6 26. axb5 Nxb5 27. Rd1 Qc6 28. Qd5 Qc2 29. Qd7+ Kh6 30. Qd2+ Qxd2 31. Rxd2 Kg5 32. Rd7 1-0

[Event "Landesliga Nord 1516"]
[Site "Bayern"]
[Date "2015.10.11"]
[Round "1.4"]
[White "Rous, Daniel"]
[Black "Pfadenhauer, Johannes"]
[Result "1-0"]
[WhiteElo "2208"]
[BlackElo "2097"]
[PlyCount "99"]
[EventDate "2015.10.11"]
[EventType "team-tourn"]
[EventRounds "9"]
[EventCountry "GER"]
[SourceTitle "EXT 2018"]
[Source "ChessBase"]
[SourceDate "2017.10.13"]
[SourceVersion "1"]
[SourceVersionDate "2017.10.13"]
[SourceQuality "1"]
[WhiteTeam "Bamberg SC"]
[BlackTeam "Bindlach Aktionaer II"]
[WhiteTeamCountry "GER"]
[BlackTeamCountry "GER"]

1. d4 Nf6 2. Nf3 g6 3. Nc3 d5 4. Bf4 Bg7 5. e3 c5 6. Be2 Nc6 7. Qd2 0-0 8. 0-0-0 Ne4 9. Nxe4 dxe4 10. Ne5 Nxe5 11. Bxe5 Qd5 12. c4 Qc6 13. Bxg7 Kxg7 14. h4 b6 15. h5 Ba6 16. Qc3 Qf6 17. Rhf1 Rad8 18. Kc2 cxd4 19. Rxd4 Rxd4 20. Qxd4 Rc8 21. b3 b5 22. Qxf6+ Kxf6 23. Kc3 Ke5 24. Rd1 bxc4 25. bxc4 Rc7 26. Rd5+ Ke6 27. Rd8 gxh5 28. Rh8 Rb7 29. Kc2 Rc7 30. Kc3 Rb7 31. Rxh7 Rb1 32. Rxh5 Rc1+ 33. Kd2 Rb1 34. Ra5 Rb2+ 35. Kd1 Rb6 36. Kc2 Rc6 37. Kc3 Kd7 38. Kd4 Kc7 39. Rc5 Rxc5 40. Kxc5 Bc8 41. g3 f5 42. a3 Bd7 43. Bh5 Bc8 44. Be8 Be6 45. Kd4 Kb6 46. c5+ Kc7 47. Ke5 Bc8 48. Bg6 Kc6 49. Bxf5 Ba6 50. Kd4 1-0